000 00510nam a22001937a 4500
003 SEM
005 20251001114626.0
008 250916s2000 le ||||g|||||||01|||eng|d
040 _aSEM
_cSEM
041 _aeng
080 _a92:75(47.925)/R-80
245 _aRose Vart… A life storry /
_cComp.` S. Nigolian
260 _aBeirut :
_bs.n,
_c2000.
300 _a140 p. ;
_bphotos,
_c30 cm
650 _aBiography
_xarmenian painting
653 _aՍԷՄ
700 _aNigolian Sonia
_4comp.
942 _2udc
_cBK
_n0
999 _c76958
_d76958